Ilizwi lenkosi yilizwi lesizwe : (Record no. 4913)
[ view plain ]
| 000 -LEADER | |
|---|---|
| fixed length control field | 00674nam a2200217 a 4500 |
| 001 - CONTROL NUMBER | |
| control field | 471710 |
| 003 - CONTROL NUMBER IDENTIFIER | |
| control field | GZU |
| 005 - DATE AND TIME OF LATEST TRANSACTION | |
| control field | 20210325093822.0 |
| 008 - FIXED-LENGTH DATA ELEMENTS--GENERAL INFORMATION | |
| fixed length control field | 840508s1982 rh 000 0 nic |
| 010 ## - LIBRARY OF CONGRESS CONTROL NUMBER | |
| LC control number | 83196258 |
| 020 ## - INTERNATIONAL STANDARD BOOK NUMBER | |
| International Standard Book Number | 0869222317 : |
| Terms of availability | $0.80 |
| 040 ## - CATALOGING SOURCE | |
| Original cataloging agency | DLC |
| Transcribing agency | DLC |
| Modifying agency | DLC |
| 050 00 - LIBRARY OF CONGRESS CALL NUMBER | |
| Classification number | PL8547 |
| Item number | S56 1982 |
| 100 1# - MAIN ENTRY--PERSONAL NAME | |
| Personal name | Sidambe, L. C. |
| 245 10 - TITLE STATEMENT | |
| Title | Ilizwi lenkosi yilizwi lesizwe : |
| Remainder of title | umdlalo / |
| Statement of responsibility, etc. | olotshwe nguL.C. Sidambe. |
| 260 ## - PUBLICATION, DISTRIBUTION, ETC. | |
| Place of publication, distribution, etc. | Gweru, Zimbabwe : |
| Name of publisher, distributor, etc. | Mambo Press in association with the Literature Bureau, |
| Date of publication, distribution, etc. | 1982. |
| 300 ## - PHYSICAL DESCRIPTION | |
| Extent | 53 p. ; |
| Dimensions | 18 cm. |
| 500 ## - GENERAL NOTE | |
| General note | In Ndebele. |
| 906 ## - LOCAL DATA ELEMENT F, LDF (RLIN) | |
| a | 7 |
| b | cbc |
| c | orignew |
| d | 4 |
| e | ncip |
| f | 19 |
| g | y-gencatlg |
| 942 ## - ADDED ENTRY ELEMENTS (KOHA) | |
| Source of classification or shelving scheme | Library of Congress Classification |
| Koha item type | Books |
| Classification part | 8547 |
| Item part | SID |
| Call number prefix | PL |
| Call number suffix | SID |
| Withdrawn status | Lost status | Damaged status | Not for loan | Collection code | Home library | Current library | Shelving location | Date acquired | Total Checkouts | Full call number | Barcode | Date last seen | Copy number | Price effective from | Koha item type | Source of classification or shelving scheme |
|---|---|---|---|---|---|---|---|---|---|---|---|---|---|---|---|---|
| Fiction | City Campus Library | City Campus Library | General Stacks | 03/25/2021 | PL8547 SID 1982 | 008260 | 03/25/2021 | c.1 | 03/25/2021 | Books | ||||||
| Fiction | City Campus Library | City Campus Library | 03/25/2021 | PL8547 SID 1982 | 5842 | 03/25/2021 | c.2 | 03/25/2021 | Books | |||||||
| Fiction | City Campus Library | City Campus Library | 04/08/2021 | PL8547 SID 1982 | 008262 | 04/08/2021 | c.3 | 04/08/2021 | Books | |||||||
| Fiction | Mashava Campus Library | Mashava Campus Library | General Stacks | 05/19/2021 | PL8547 SID 1982 | 008261 | 05/19/2021 | c.4 | 05/19/2021 | Books | ||||||
| Fiction | Mashava Campus Library | Mashava Campus Library | General Stacks | 05/21/2021 | PL 8547 SID 1982 | 008188 | 05/21/2021 | c.5 | 05/21/2021 | Books | Library of Congress Classification |